Mumbai Suburban Railway Stations (Trans-Harbour Line) - Statistics

General Stats
  • This quiz has been taken 18 times
  • The average score is 10 of 17
Answer Stats
Answer % Correct
Thane
81%
Vashi
81%
Airoli
69%
Ghansoli
69%
Panvel
69%
Rabale
69%
Sanpada
69%
CBD Belapur
63%
Kharghar
63%
Nerul
63%
Turbhe
63%
Juinagar
56%
Digha
44%
Khandeshwar
44%
Mansarovar
44%
Seawoods - Darave
44%
Kopar Khairane
38%
No matching quizzes found
Score Distribution
Percent of People with Each Score
Percentile by Number Answered
Your Score History
You have not taken this quiz